New surgeries for old (Record no. 72892)

MARC details
000 -LEADER
fixed length control field 00959cam a2200229 4500
001 - CONTROL NUMBER
control field WB3923-13
008 - FIXED-LENGTH DATA ELEMENTS--GENERAL INFORMATION
fixed length control field 030619n2003 000 0 eng u
035 ## - SYSTEM CONTROL NUMBER
System control number (Sirsi) u122675
245 ## - TITLE STATEMENT
Title New surgeries for old
260 ## - PUBLICATION, DISTRIBUTION, ETC.
Date of publication, distribution, etc. 2003
490 ## - SERIES STATEMENT
Series statement King Sturge Press Release
Volume/sequential designation 16 June 2003 (2)
520 ## - SUMMARY, ETC.
Summary, etc. Increasingly, GP practices are swapping their traditional surgeries for purpose-designed buildings in new property deals, according to King Sturge. Private investors are taking more interest in funding the redevelopment and relocation of surgeries, which creates new opportunities for GPs to modernise their surgeries. http://www.kingsturge.com/site/docs/pressoffice/newsdisplay.cfm?NID=%24%299W%27H0%20%20%0A
590 ## - LOCAL NOTE (RLIN)
Local note WB
650 ## - SUBJECT ADDED ENTRY--TOPICAL TERM
Topical term or geographic name entry element SURGERIES
650 ## - SUBJECT ADDED ENTRY--TOPICAL TERM
Topical term or geographic name entry element PRIVATE INVESTORS
650 ## - SUBJECT ADDED ENTRY--TOPICAL TERM
Topical term or geographic name entry element REDEVELOPMENT
650 ## - SUBJECT ADDED ENTRY--TOPICAL TERM
Topical term or geographic name entry element KING STURGE
650 ## - SUBJECT ADDED ENTRY--TOPICAL TERM
Topical term or geographic name entry element HEALTHCARE SECTOR
650 ## - SUBJECT ADDED ENTRY--TOPICAL TERM
Topical term or geographic name entry element SALE AND LEASEBACK
690 ## - LOCAL SUBJECT ADDED ENTRY--TOPICAL TERM (OCLC, RLIN)
Topical term or geographic name as entry element INVESTMENT
942 ## - ADDED ENTRY ELEMENTS (KOHA)
Suppress in OPAC 0
Holdings
Withdrawn status Lost status Source of classification or shelving scheme Damaged status Not for loan Home library Current library Shelving location Date acquired Total Checkouts Full call number Barcode Date last seen Copy number Price effective from Koha item type
    Dewey Decimal Classification     London London News article 19/06/2003   WB3923-13 122675-1001 06/08/2019 1 06/08/2019 News article